000 00418nam a22001697a 4500
005 20160615124246.0
008 160615b xxu||||| |||| 00| 0 eng d
020 _a81-219-2056-6
041 _aeng
082 _b7753
100 _aTelsong, Martand T
_91980
245 _aIndustrial and Business Management
260 _aNew Delhi
_bSultan Chand & Sons,
300 _a764
650 _aManagement
_9241
942 _cBK
999 _c2772
_d2771